Ravenna :
| Κύριος συγγραφέας: | |
|---|---|
| Μορφή: | Βιβλίο |
| Γλώσσα: | English |
| Έκδοση: |
Ravenna :
LO.SA.RA,
1972.
|
| LEADER | 00485nam a2200169 i 4500 | ||
|---|---|---|---|
| 003 | GR-PaULI | ||
| 005 | 20211012112749.0 | ||
| 008 | 211012s1972 gr ||||| |||| 00| 0 eng d | ||
| 999 | |c 184353 |d 184353 | ||
| 040 | |a GR-PaULI |b gre |c GR-PaULI |e AACR2 | ||
| 082 | 0 | 4 | |2 23 |
| 100 | 1 | |9 187727 |a Mesini, Giovani |e συγγραφέας | |
| 245 | 1 | 0 | |a Ravenna : |c piccola guida. |
| 260 | |a Ravenna : |b LO.SA.RA, |c 1972. | ||
| 300 | |a 94 σ.; |b εικ.; |c 17 εκ. | ||
| 942 | |2 ddc |c BKN | ||
| 998 | |c ΣΑΤΛΑΝΗΣ |d 2021-10 | ||